مشكلات المسئولية المدنية الناشئة عن استخدام وسائل التواصل الاجتماعي / (رقم التسجيلة. 178865)
[ عرض عادي ]
| 000 -LEADER | |
|---|---|
| fixed length control field | 05056namaa22004211i 4500 |
| 003 - CONTROL NUMBER IDENTIFIER | |
| control field | OSt |
| 005 - أخر تعامل مع التسجيلة | |
| control field | 20260331130028.0 |
| 008 - FIXED-LENGTH DATA ELEMENTS--GENERAL INFORMATION | |
| fixed length control field | 250827s2024 ua a|||frm||| 000 0 eng d |
| 040 ## - CATALOGING SOURCE | |
| Original cataloguing agency | EG-GICUC |
| Language of cataloging | ara |
| Transcribing agency | EG-GICUC |
| Modifying agency | EG-GICUC |
| Description conventions | rda |
| 041 0# - LANGUAGE CODE | |
| Language code of text/sound track or separate title | ara |
| Language code of summary or abstract | ara |
| -- | eng |
| 049 ## - Acquisition Source | |
| Acquisition Source | إيداع |
| 082 04 - DEWEY DECIMAL CLASSIFICATION NUMBER | |
| Classification number | 004.678 |
| 092 ## - LOCALLY ASSIGNED DEWEY CALL NUMBER (OCLC) | |
| Classification number | 004.678 |
| Edition number | 21 |
| 097 ## - Degree | |
| Degree | دكتـــــوراه |
| 099 ## - LOCAL FREE-TEXT CALL NUMBER (OCLC) | |
| Local Call Number | Cai01.04.06.Ph.D.2024.عم.م |
| 100 0# - MAIN ENTRY--PERSONAL NAME | |
| Authority record control number or standard number | ،عمار محمد حسين اليافعي |
| Preparation | إعداد. |
| 245 10 - TITLE STATEMENT | |
| Title | مشكلات المسئولية المدنية الناشئة عن استخدام وسائل التواصل الاجتماعي / |
| Statement of responsibility, etc. | إعداد عمار محمد حسين اليافعي؛ إشراف أ.د محمد سامي عبد الصادق. |
| 246 15 - VARYING FORM OF TITLE | |
| Title proper/short title | Civil liability issues arising from the use of social media / |
| 264 #0 - PRODUCTION, PUBLICATION, DISTRIBUTION, MANUFACTURE, AND COPYRIGHT NOTICE | |
| Date of production, publication, distribution, manufacture, or copyright notice | 2024. |
| 300 ## - PHYSICAL DESCRIPTION | |
| Extent | 276 صفحة : |
| Other physical details | إيضاحيات ؛ |
| Dimensions | 30 سم. + |
| Accompanying material | CD. |
| 336 ## - CONTENT TYPE | |
| Content type term | text |
| Source | rda content |
| 337 ## - MEDIA TYPE | |
| Media type term | Unmediated |
| Source | rdamedia |
| 338 ## - CARRIER TYPE | |
| Carrier type term | volume |
| Source | rdacarrier |
| 502 ## - DISSERTATION NOTE | |
| Dissertation note | أطروحة (دكتوراه)-جامعة القاهرة، 2024. |
| 504 ## - BIBLIOGRAPHY, ETC. NOTE | |
| Bibliography, etc. note | ببليوجرافيا: صفحات 246-267. |
| 520 ## - SUMMARY, ETC. | |
| Summary, etc. | تطورت مواقع التواصل الاجتماعي مع تطور وسائل الاتصال والتكنولوجيا الحديثة، حيث زاد استخدام مواقع التواصل الاجتماعي من خلال استخدام الأفراد الرسائل الإلكترونية، وأصبح التواصل مع أفراد المجتمع مع بعضهم البعض وحول العالم كسرت حدود الزمان والمكان، بفضل التكنولوجيا الحديثة، والتي تسمح للأفراد في التواصل عبر الفضاء الإلكتروني، من خلال استخدامهم تويتر وفيسبوك ويوتيوب، حيث أصبحت مواقع التواصل الاجتماعي من أساسيات الحياة لدى أفراد المجتمع، ويستخدمون مواقع التواصل الاجتماعي عن طريق الهواتف الذكية وأجهزة الحاسب الآلي، وهذا الانفتاح الكبير الذي عملت عليه التكنولوجيا الحديثة و قربت المسافات بين سكان قارات العالم على اختلاف ثقافتهم، خاصة ما تزايد عدد المستخدمين حول العالم لمواقع التواصل الاجتماعي . وقد قمت بتقسيم الرسالة في فصل تمهيدي، وبابين رئيسيين وخاتمة ونتائج وتوصيات، تحدثت في الفصل التمهيدي: وسائل التواصل الاجتماعي، والباب الأول: مفهوم الخصوصية وصور الانتهاك الإلكتروني، الباب الثاني: المسئولية المدنية المترتبة على المعتدي وطرق التعويض. |
| 520 ## - SUMMARY, ETC. | |
| Summary, etc. | Social networking sites have evolved with the development of means of communication and modern technology, as the use of social networking sites has increased through the use of e-mails by individuals, and communication with members of society with each other and around the world has broken the boundaries of time and space, thanks to modern technology, which allows individuals to communicate via electronic space, through their use of Twitter, Facebook and YouTube, where social networking sites have become one of the basics of life for members of society, and they use social networking sites through smartphones and computers, and this great openness worked on by modern technology and brought the distances between the inhabitants of the continents of the world to their different culture, especially the increasing number of users around the world For social networking sites. I divided the letter into an introductory chapter, two main chapters and a conclusion, results and recommendations, I spoke in the preliminary chapter: social media, and Part I: the concept of privacy and images of electronic violation, Part II: Civil liability arising from the aggressor and methods of compensation. |
| 530 ## - ADDITIONAL PHYSICAL FORM AVAILABLE NOTE | |
| Issues CD | صدر أيضًا كقرص مدمج. |
| 546 ## - LANGUAGE NOTE | |
| Text Language | النص بالعربية والملخص باللغة الإنجليزية والعربية. |
| 650 #7 - SUBJECT ADDED ENTRY--TOPICAL TERM | |
| Topical term or geographic name entry element | الانترنت |
| Source of heading or term | qrmak |
| General subdivision | قوانين و تشريعات |
| 650 #7 - SUBJECT ADDED ENTRY--TOPICAL TERM | |
| Topical term or geographic name entry element | القانون المدنى |
| 653 #0 - INDEX TERM--UNCONTROLLED | |
| Uncontrolled term | تطورت مواقع التواصل الاجتماعي |
| -- | وسائل الاتصال والتكنولوجيا الحديثة |
| -- | الرسائل الإلكترونية |
| 700 0# - ADDED ENTRY--PERSONAL NAME | |
| Personal name | محمد سامي عبد الصادق |
| Relator term | مشرف أطروحة. |
| 900 ## - Thesis Information | |
| Grant date | 01-01-2024 |
| Supervisory body | محمد سامي عبد الصادق |
| Discussion body | فــاروق أحمــد الأباصيري |
| -- | عـــمـــــــرو طــــــــــــه بـــــــدوي |
| Universities | جامعة القاهرة |
| Faculties | كلية الحقوق |
| Department | قسم القانون المدني |
| 905 ## - Cataloger and Reviser Names | |
| Cataloger Name | Sara Salah |
| Reviser Names | Afaf |
| 942 ## - ADDED ENTRY ELEMENTS (KOHA) | |
| Source of classification or shelving scheme | Dewey Decimal Classification |
| Koha item type | Thesis |
| Edition | 21 |
| Suppress in OPAC | No |
| Source of classification or shelving scheme | Home library | Current library | Date acquired | Inventory number | Full call number | Barcode | Date last seen | Effective from | Koha item type |
|---|---|---|---|---|---|---|---|---|---|
| Dewey Decimal Classification | المكتبة المركزبة الجديدة - جامعة القاهرة | قاعة الرسائل الجامعية - الدور الاول | 04.03.2026 | 33039 | Cai01.04.06.Ph.D.2024.عم.م | 01010100033039000 | 04.03.2026 | 04.03.2026 | Thesis |